[Event "Asia-ch U20 Girls"]
[Site "Ulaanbaatar"]
[Date "2018.08.24"]
[Round "8"]
[White "Khaliunaa, Gankhulug"]
[Black "Amartuvshin, Naransolongo"]
[Result "1-0"]
[WhiteElo "1587"]
[BlackElo "1262"]
[PlyCount "109"]
[EventDate "2018.08.19"]
[EventType "swiss"]
[EventRounds "9"]
[EventCountry "MGL"]
[SourceTitle "CBM 186 Extra"]
[Source "ChessBase"]
[SourceDate "2018.08.24"]
[SourceVersion "1"]
[SourceVersionDate "2018.08.24"]
[SourceQuality "1"]

1. d4 Nf6 2. c4 g6 3. g3 Bg7 4. Bg2 d6 5. Nf3 0-0 6. Nc3 Nbd7 7. 0-0 e5 8. e4 b6 9. Qc2 Bb7 10. d5 Nh5 11. Bd2 a6 12. Rfe1 Kh8 13. b4 Qe7 14. Bh3 Bc8 15. a4 Ndf6 16. Bg2 Ng8 17. a5 f5 18. axb6 cxb6 19. exf5 Bxf5 20. Qb3 Bg4 21. Ng5 Bh6 22. Nce4 Nhf6 23. Bc3 Bg7 24. f4 Nxe4 25. Nxe4 exf4 26. Nf6 Be2 27. Rxe2 Qxe2 28. Re1 Qxe1+ 29. Bxe1 Rxf6 30. Bc3 Rf7 31. Bxg7+ Kxg7 32. Qc3+ Nf6 33. gxf4 Rc8 34. Bh3 Rcc7 35. Be6 Rf8 36. Qd4 Rb8 37. f5 a5 38. Qf4 Rd8 39. Qd4 Rb8 40. Qf4 Rd8 41. Qe3 Rb8 42. Qf4 Rd8 43. Qe3 Rb8 44. Qb3 Ra7 45. Qa3 a4 46. b5 Rd8 47. Kf1 Ne4 48. Ke2 Nf6 49. h3 Nh5 50. Ke3 Kf6 51. h4 gxf5 52. Qa1+ Kg6 53. Qg1+ Kf6 54. Qg5+ Ke5 55. Qxf5# 1-0

[Event "Asia-ch U20 Girls"]
[Site "Ulaanbaatar"]
[Date "2018.08.23"]
[Round "6"]
[White "Lu, Miaoyi"]
[Black "Amartuvshin, Naransolongo"]
[Result "1-0"]
[WhiteElo "1691"]
[BlackElo "1262"]
[PlyCount "65"]
[EventDate "2018.08.19"]
[EventType "swiss"]
[EventRounds "9"]
[EventCountry "MGL"]
[SourceTitle "CBM 186 Extra"]
[Source "ChessBase"]
[SourceDate "2018.08.24"]
[SourceVersion "1"]
[SourceVersionDate "2018.08.24"]
[SourceQuality "1"]

1. d4 Nf6 2. c4 g6 3. g3 Bg7 4. Bg2 d6 5. Nc3 0-0 6. Nf3 Nbd7 7. 0-0 e5 8. e4 a6 9. h3 h6 10. Be3 Kh7 11. Qc2 Qe7 12. Rad1 Nh5 13. Nd5 Qd8 14. dxe5 dxe5 15. Rd2 Nhf6 16. Rfd1 Ng8 17. c5 Rb8 18. c6 bxc6 19. Qxc6 Bb7 20. Qxc7 Qxc7 21. Nxc7 Ndf6 22. Nxe5 Bxe4 23. Bxe4 Nxe4 24. Nd7 Nxd2 25. Nxf8+ Bxf8 26. Rxd2 Nf6 27. Bd4 Ne4 28. Re2 Ng5 29. Kg2 Bg7 30. Bxg7 Kxg7 31. h4 Nh7 32. Nxa6 Ra8 33. Nb4 1-0